| 000 | 00433nam a2200169 a 4500 | ||
|---|---|---|---|
| 005 | 20140310183436.0 | ||
| 008 | 100920s19uu xx 00 eng d | ||
| 020 | _a1420102761 | ||
| 050 |
_aPS 3568 _b.J12 2008 |
||
| 100 | _aJackson, Lisa | ||
| 245 |
_aLeft to die / _cLisa Jackson. |
||
| 260 |
_aNew York : _bKensington Pub. Co, _c2008. |
||
| 300 |
_a505 p. : _c18 cm. |
||
| 650 | _aFiction | ||
| 942 |
_cBK _2lcc |
||
| 999 |
_c22919 _d22919 |
||